000 00882nam a2200193Ia 4500
003 IN-BaIIA
008 211028s9999 xx 000 0 eng d
020 _a0-08-024437-8
040 _cIIA Library
080 _a063.624.19 20
_bRYC
111 _aopen meetings of the working groups on physical sciences of the twenty-second plenary meeting of COSPAR
_c Bangalore
_d1979 May 29-June 9
_911667
245 0 _aCOSPAR Space Research
_bproceedings of the open meetings of the working groups on physical sciences of the twenty-second plenary meeting of COSPAR, vol. XX, held in Bangalore, India, 29 May-9 June, 1979
_cedited by M. J. Rycroft
260 _aOxford
_bPergamon Press
_c1980
300 _axiv, 285p.
650 _aAstronomy and Astrophysics thesaurus
650 _aSpace sciences
_94479
700 _aRycroft, M. J., ed.
942 _cBK
999 _c6811
_d6811